000 00423ntaaa2200169 4500
003 01
005 20251027201558.0
008 0714s1973 ag 01
040 _aAR-BaBN
_bspa
_cAR-BaBN
_eaacr
_dRIC
082 _a230.0000 J76
100 _aJorje, Maximino Pereira
_914435
245 _aFundamentos Genuinos del Cristianismo
250 _a1 ed. :
_bAlianza,
_cc1928
300 _a237 p.
650 _aTeologĂ­a
942 _cBK
999 _c10391
_d10391